Wiedza ogólna o świecie #6 - Statystyki

Ogólne statystyki
  • Ten quiz został rozwiązany 76 razy
  • Średni wynik to 12 z 15
Statystyki odpowiedzi
Pytanie Odpowiedź % Poprawnych
Ile sekund ma jedna minuta? 60
100%
Który kontynent jest domem dla kangurów? Australia
100%
Które zwierzę jest na godle Polski? Orzeł biały
100%
Które warzywo jest głównym składnikiem frytek? Ziemniak
100%
Kto jest autorem "Pana Tadeusza"? Adam Mickiewicz
97%
Jaką walutę używa się w Wielkiej Brytanii? Funt szterling
95%
Które morze leży na północy Polski? Bałtyckie
93%
Jak nazywa się największa planeta w Układzie Słonecznym? Jowisz
93%
Jak nazywa się stolica Portugalii? Lizbona
93%
Jaki jest główny składnik sushi oprócz ryby? Ryż
93%
Jak nazywa się święta księga islamu? Koran
90%
Z jakiego kraju pochodzi tango? Argentyna
73%
Jaka jest jednostka siły w układzie SI? Newton
49%
W którym kraju znajduje się starożytne miasto Petra? Jordania
37%
Jak nazywa się najmniejsza kość w ciele człowieka? Strzemiączko
25%
Nie znaleziono quizów pasujących do podanych kryteriów
Rozkład punktacji
Procent ludzi z każdym wynikiem
Percentyl według liczby udzielonych odpowiedzi
Twoja historia wyników
Nie rozwiązałeś tego quizu